<?xml version="1.0" encoding="UTF-8"?><?xml-stylesheet type="text/xsl" href="static/style.xsl"?><OAI-PMH xmlns="http://www.openarchives.org/OAI/2.0/" xmlns:xsi="http://www.w3.org/2001/XMLSchema-instance" xsi:schemaLocation="http://www.openarchives.org/OAI/2.0/ http://www.openarchives.org/OAI/2.0/OAI-PMH.xsd"><responseDate>2026-04-19T11:00:40Z</responseDate><request verb="GetRecord" identifier="oai:www.recercat.cat:2117/445768" metadataPrefix="marc">https://recercat.cat/oai/request</request><GetRecord><record><header><identifier>oai:recercat.cat:2117/445768</identifier><datestamp>2025-11-08T03:19:08Z</datestamp><setSpec>com_2072_1033</setSpec><setSpec>col_2072_452951</setSpec></header><metadata><record xmlns="http://www.loc.gov/MARC21/slim" xmlns:dcterms="http://purl.org/dc/terms/" xmlns:xsi="http://www.w3.org/2001/XMLSchema-instance" xmlns:doc="http://www.lyncode.com/xoai" xsi:schemaLocation="http://www.loc.gov/MARC21/slim http://www.loc.gov/standards/marcxml/schema/MARC21slim.xsd">
   <leader>00925njm 22002777a 4500</leader>
   <datafield ind2=" " ind1=" " tag="042">
      <subfield code="a">dc</subfield>
   </datafield>
   <datafield ind2=" " ind1=" " tag="720">
      <subfield code="a">Herrería Gil, Héctor</subfield>
      <subfield code="e">author</subfield>
   </datafield>
   <datafield ind2=" " ind1=" " tag="260">
      <subfield code="c">2025-03-31</subfield>
   </datafield>
   <datafield ind2=" " ind1=" " tag="520">
      <subfield code="a">The transformation of wood into advanced carbon materials relies on the partial preservation&#xd;
of its hierarchical structure after thermal treatments. Unlike isotropic materials, wood exhibits&#xd;
inherent anisotropy due to the alignment of cellulose fibrils along the tree’s growth direction&#xd;
within its lignocellulosic matrix. In this study, a pre-oxidation step was introduced before&#xd;
pyrolysis to investigate the effects of structural decomposition at five different temperatures:&#xd;
250°C, 275°C, 287°C, 300°C and 325°C. These temperatures remain below the threshold for&#xd;
complete cellulose and lignin decomposition, selectively modifying the matrix by targeting&#xd;
hemicellulose, while aiming to preserve the alignment of cellulose fibers through subsequent&#xd;
pyrolysis at 800°C under two different heating rates (7°C/min, 1°C/min) and atmospheres&#xd;
(Nitrogen, Vacuum), and finally activation at 800°C with CO2&#xd;
, ultimately leading to the&#xd;
formation nanoporous carbons with some anisotropy.&#xd;
To assess structural modifications, Wide-Angle X-ray Diffraction (WAXD) was used to study the&#xd;
crystallography of cellulose by their intensity curves, focused on the &lt;110>, &lt;11̅0> and &lt;020>&#xd;
planes through all thermal steps. For the pyrolized samples, crystallite sizes from turbostratic&#xd;
nanocarbons arrangement were calculated for the in-plane (La) and out-of-plane (Lc)&#xd;
directions, according to &lt;100> and &lt;002> planes respectively. From the azimuthal intensity&#xd;
distribution of pyrolized samples a parameter 𝜂� was calculated as a degree of preferred&#xd;
orientation. Beyond WAXD, Small-Angle X-ray Scattering (SAXS) elucidated the density phase&#xd;
contrast difference between cellulose and lignocellulosic matrix for pre-oxidized samples, and&#xd;
details of pore structure for the pyrolized samples. Gas sorption measurements (N2 at 77k and&#xd;
CO2 at 273k) were conducted to investigate the specific pore volume (SPV), specific surface&#xd;
area (SSA) and pore size distribution (PSD) of the pyrolized and activated samples.&#xd;
As a main important outcome, samples that underwent partial oxidation at 287°C showed&#xd;
decomposition of hemicellulose while mostly preserving the crystalline cellulose fiber&#xd;
structure, indicating a controllable method to partially decompose the lignocellulosic matrix.&#xd;
Moreover, 287°C pre-oxidated wood followed by pyrolysis at 800°C with 1°C/min heating rate&#xd;
under vacuum demonstrated enhanced development of pore structure as well as the highest&#xd;
degree of preferred orientation with around 12% of the carbon being preferentially oriented&#xd;
along the tree’s growth direction. Final activation at 800°C with CO2&#xd;
indicated pore structure&#xd;
development and high material yield for same pre-oxidated temperature at 287°C followed&#xd;
by pyrolysis at 800°C with 1°C/min heating rate. This highlights the potential to preserve&#xd;
anisotropic features to some extent after thermal treatments, suggesting pathways for&#xd;
tailoring wood nanocarbons for advanced functional applications.</subfield>
   </datafield>
   <datafield ind2=" " ind1=" " tag="520">
      <subfield code="a">Outgoing</subfield>
   </datafield>
   <datafield ind1="8" ind2=" " tag="024">
      <subfield code="a">http://hdl.handle.net/2117/445768</subfield>
   </datafield>
   <datafield tag="653" ind2=" " ind1=" ">
      <subfield code="a">Àrees temàtiques de la UPC::Enginyeria dels materials::Assaig de materials::Assaigs estructurals</subfield>
   </datafield>
   <datafield tag="653" ind2=" " ind1=" ">
      <subfield code="a">Carbon, Activated--Oxidation</subfield>
   </datafield>
   <datafield tag="653" ind2=" " ind1=" ">
      <subfield code="a">Carbon, Activated--Analysis</subfield>
   </datafield>
   <datafield tag="653" ind2=" " ind1=" ">
      <subfield code="a">Carboni activat--Oxidació</subfield>
   </datafield>
   <datafield tag="653" ind2=" " ind1=" ">
      <subfield code="a">Carboni activat--Anàlisi</subfield>
   </datafield>
   <datafield ind2="0" ind1="0" tag="245">
      <subfield code="a">Effects of partial oxidation on the microstructure of wood derived carbons</subfield>
   </datafield>
</record></metadata></record></GetRecord></OAI-PMH>